Districts of Rajasthan, India - Statistics

General Stats
  • This quiz has been taken 94 times
  • The average score is 20 of 32
Answers on the Map
Answers color-coded by a green-red scale on the quiz's map according to % correct below.
 
Answer Stats
Answer % Correct
Jaipur
98%
Jaisalmer
93%
Udaipur
92%
Jodhpur
90%
Bikaner
87%
Ajmer
83%
Kota
83%
Alwar
72%
Chittorgarh
65%
Barmer
63%
Ganganagar
63%
Sawai Madhopur
63%
Churu
62%
Pali
62%
Sikar
62%
Tonk
62%
Bundi
60%
Bharatpur
58%
Hanumangarh
58%
Sirohi
58%
Nagaur
57%
Bhilwara
55%
Jhunjhunu
55%
Baran
52%
Dungarpur
52%
Jhalawar
52%
Dausa
50%
Rajsamand
50%
Banswara
48%
Dholpur
48%
Jalore
48%
Karauli
40%
No matching quizzes found
Score Distribution
Percent of People with Each Score
Percentile by Number Answered
Your Score History
You have not taken this quiz